Cátedra de derecho bancario colombiano / (Registro nro. 7297)
[ vista simple ]
| 000 -LEADER | |
|---|---|
| fixed length control field | 02068nam a22002777a 4500 |
| 003 - CONTROL NUMBER IDENTIFIER | |
| control field | OSt |
| 005 - DATE AND TIME OF LATEST TRANSACTION | |
| control field | 20210223144351.0 |
| 008 - FIXED-LENGTH DATA ELEMENTS--GENERAL INFORMATION | |
| fixed length control field | 210223s2000 ck ||||fr|||| 001 0 spa d |
| 020 ## - INTERNATIONAL STANDARD BOOK NUMBER | |
| International Standard Book Number | 9586532569 |
| 040 ## - CATALOGING SOURCE | |
| Original cataloging agency | CO-JMCR |
| Transcribing agency | CO-JMCR |
| 041 0# - LANGUAGE CODE | |
| Language code of text/sound track or separate title | spa |
| 082 04 - DEWEY DECIMAL CLASSIFICATION NUMBER | |
| Classification number | 332.11 / |
| Item number | M386c |
| Edition number | 23 |
| 100 1# - MAIN ENTRY--PERSONAL NAME | |
| Personal name | Martínez Neira, Néstor Humberto, |
| Relator term | autor |
| 9 (RLIN) | 8973 |
| 245 10 - TITLE STATEMENT | |
| Title | Cátedra de derecho bancario colombiano / |
| Statement of responsibility, etc. | Néstor Humberto Martínez Neira |
| 260 ## - PUBLICATION, DISTRIBUTION, ETC. | |
| Place of publication, distribution, etc. | Bogotá : |
| Name of publisher, distributor, etc. | Legis, |
| Date of publication, distribution, etc. | 2000 |
| 300 ## - PHYSICAL DESCRIPTION | |
| Extent | xxv, 516 páginas ; |
| Dimensions | 24 cm. |
| 500 ## - GENERAL NOTE | |
| General note | Incluye nota de pie de página e índice analítico. |
| 504 ## - BIBLIOGRAPHY, ETC. NOTE | |
| Bibliography, etc. note | Bibliografía: p. [509]-516 |
| 505 0# - FORMATTED CONTENTS NOTE | |
| Formatted contents note | Introducción al derecho bancario -- Las fuentes formales del derecho bancario -- Intervención estatal en el sector financiero -- Autoridades bancarias -- Sistemas bancarios -- Instituciones bancarias o financieras -- Estatuto profesional -- Institutos de salvamento y protección de la fe pública -- Seguro de depósitos -- Liquidación de instituciones financieras |
| 520 3# - SUMMARY, ETC. | |
| Summary, etc. | En gran parte de América Latina el derecho financiero y bancario es una disciplina en gestación, de naturaleza híbrida y fuentes altamente dispersas. En Colombia los mayores impulsos a la formación de este derecho los ha dado la Superintendencia Bancaria, en especial con el Estatuto Orgánico del Sistema Financiero que a comienzos de los noventa lideró Néstor Humberto Martínez, autor de esta obra. La dispersión y la hibridez han impedido el desarrollo de un análisis doctrinario comprensivo en esta materia. Abunda la doctrina ad boc, llena de casuismos y elaborada con un marcado carácter intervencionista o jus publicista, sin que con ello se contribuya en manera alguna al riguroso entendimiento jurídico que debe gobernar la actividad financiera. |
| 650 14 - SUBJECT ADDED ENTRY--TOPICAL TERM | |
| Topical term or geographic name entry element | Derecho bancario |
| Geographic subdivision | Colombia |
| 9 (RLIN) | 8990 |
| 650 24 - SUBJECT ADDED ENTRY--TOPICAL TERM | |
| Topical term or geographic name entry element | Derecho financiero |
| General subdivision | legislación |
| Geographic subdivision | Colombia |
| 9 (RLIN) | 13825 |
| 650 24 - SUBJECT ADDED ENTRY--TOPICAL TERM | |
| Topical term or geographic name entry element | Sistema financiero |
| General subdivision | legislación |
| Geographic subdivision | Colombia |
| 9 (RLIN) | 8992 |
| 650 24 - SUBJECT ADDED ENTRY--TOPICAL TERM | |
| Topical term or geographic name entry element | Bancos centrales |
| General subdivision | legislación |
| Geographic subdivision | Colombia |
| 9 (RLIN) | 13826 |
| 942 ## - ADDED ENTRY ELEMENTS (KOHA) | |
| Source of classification or shelving scheme | Dewey Decimal Classification |
| Koha item type | Books |
| Withdrawn status | Lost status | Source of classification or shelving scheme | Damaged status | Not for loan | Collection code | Home library | Current library | Date acquired | Source of acquisition | Total Checkouts | Full call number | Barcode | Date last seen | Copy number | Price effective from | Koha item type |
|---|---|---|---|---|---|---|---|---|---|---|---|---|---|---|---|---|
| Dewey Decimal Classification | Non-fiction | Biblioteca Pública José María del Castillo y Rada | Biblioteca Pública José María del Castillo y Rada | 10/02/2020 | Donación | 332.11 / M386c | 201810576 | 05/16/2024 | Ej.1 | 02/23/2021 | Books |